| 000 | 04028nam a22006495i 4500 | ||
|---|---|---|---|
| 999 |
_c535665 _d535665 |
||
| 001 | 21682650 | ||
| 003 | NUST | ||
| 005 | 20200921142409.0 | ||
| 006 | m |o d | | ||
| 007 | cr ||||||||||| | ||
| 008 | 160303s2016 si |||| o |||| 0|eng | ||
| 010 | _a 2019748884 | ||
| 020 | _a9789811006487 | ||
| 024 | 7 |
_a10.1007/978-981-10-0648-7 _2doi |
|
| 035 | _a(DE-He213)978-981-10-0648-7 | ||
| 038 | _aMSOHAIL | ||
| 040 |
_aDLC _beng _epn _erda _cDLC |
||
| 072 | 7 |
_aTEC009020 _2bisacsh |
|
| 072 | 7 |
_aTNKX _2bicssc |
|
| 072 | 7 |
_aTNKX _2thema |
|
| 082 | 0 | 4 |
_a690.21 _223 _bDEL |
| 245 | 0 | 0 |
_aNew Approaches to Building Pathology and Durability / _cedited by João M.P.Q. Delgado. |
| 250 | _a1st ed. 2016. | ||
| 264 | 1 |
_aSingapore : _bSpringer Singapore : _bImprint: Springer, _c2016. |
|
| 300 | _a1 online resource (VIII, 207 pages) | ||
| 336 |
_atext _btxt _2rdacontent |
||
| 337 |
_acomputer _bc _2rdamedia |
||
| 338 |
_aonline resource _bcr _2rdacarrier |
||
| 347 |
_atext file _bPDF _2rda |
||
| 490 | 1 |
_aBuilding Pathology and Rehabilitation, _x2194-9832 ; _v6 |
|
| 505 | 0 | _aMechanical pathologies of reinforced concrete corbels and repair by bonding composite carbon fabrics -- Assessment and rehabilitation of industrial building for the production of ammonium nitrate low density -- Effect of temperature on water capillary rise coefficient of building materials -- Evaluation of the service life of external painted surfaces applying statistical tools -- Corrosion propagation phase studies on Finnish reinforced concrete façades -- Biocementation as rehabilitation technique -- Natural ageing tests to study in-service different façade solutions - ETICS and premixed one-coat rendered walls -- Prevention of algal growth on clay façades by photocatalytic TiO2 nano-coating -- Rehabilitation of concrete industrial building façades attacked by acids -- Pathologies - Incompatibility of materials and human intervention in a historic building of Elvas. | |
| 520 | _aThis book presents a collection of recent research works intended to assist in the effective management of service loss. It develops and evaluates methodologies for the assessment of defects and failures, and proposes methodologies for preventing and mitigating building defects. As such, the book will appeal to a broad readership of scientists, practitioners, students and lecturers. | ||
| 588 | _aDescription based on publisher-supplied MARC data. | ||
| 650 | 0 |
_aBuilding materials. _930397 |
|
| 650 | 0 |
_aBuilding repair. _930398 |
|
| 650 | 0 |
_aBuildings-Repair and reconstruction. _930399 |
|
| 650 | 0 |
_aCultural heritage. _930400 |
|
| 650 | 0 |
_aHeat engineering. _930249 |
|
| 650 | 0 |
_aHeat transfer. _930250 |
|
| 650 | 0 |
_aMass transfer. _911005 |
|
| 650 | 0 |
_aStructural materials. _930401 |
|
| 650 | 0 |
_aThermodynamics. _97134 |
|
| 650 | 1 | 4 |
_aBuilding Repair and Maintenance. _0https://scigraph.springernature.com/ontologies/product-market-codes/T23055 _930402 |
| 650 | 2 | 4 |
_aBuilding Materials. _0https://scigraph.springernature.com/ontologies/product-market-codes/T23047 _930403 |
| 650 | 2 | 4 |
_aCultural Heritage. _0https://scigraph.springernature.com/ontologies/product-market-codes/419000 _930404 |
| 650 | 2 | 4 |
_aEngineering Thermodynamics, Heat and Mass Transfer. _0https://scigraph.springernature.com/ontologies/product-market-codes/T14000 _930252 |
| 650 | 2 | 4 |
_aStructural Materials. _0https://scigraph.springernature.com/ontologies/product-market-codes/Z11000 _930405 |
| 700 | 1 |
_aDelgado, João M.P.Q. _eeditor. _930406 |
|
| 776 | 0 | 8 |
_iPrint version: _tNew approaches to building pathology and durability. _z9789811006470 _w(DLC) 2016932315 |
| 776 | 0 | 8 |
_iPrinted edition: _z9789811006470 |
| 776 | 0 | 8 |
_iPrinted edition: _z9789811006494 |
| 776 | 0 | 8 |
_iPrinted edition: _z9789811092183 |
| 830 | 0 |
_aBuilding Pathology and Rehabilitation, _x2194-9832 ; _v6 _930407 |
|
| 856 | 4 | 0 |
_uhttps://hdl.loc.gov/loc.gdc/stacks.2019748884 _zAvailable onsite via Stacks |
| 906 |
_a0 _bibc _corigres _du _encip _f20 _gy-gencatlg |
||
| 942 |
_2ddc _cBK |
||